000 00256nam a22001217a 4500
008 181024b xxu||||| |||| 00| 0 eng d
041 _aeng
080 _a531
100 _a43
101 _aFIZ
245 _aCollege Physics
_cBurton,E.F
942 _2udc
_cBK
999 _c50845
_d50845